Turkish Bands - Sudden Death - Statistics

General Stats
  • This quiz has been taken 209 times
    68 since last reset
  • The average score is 11 of 16
Answers on the Grid
Answers color-coded by a green-red scale on the quiz's grid according to % correct below.
Mor ve Ötesi
Duman
Manga
Aphrodite's Child
Trypes
Taxi
MFÖ
Moğollar
The High Windows
Yüksek Sadakat
Loudspeakers
Athena
Circus Mircus
Zakkum
Bambir
Nemra
Ayna
Gripin
Coldünya
Kargo
Unformal
Grup Vitamin
Mashrou' Leila
Pilli Bebek
Kurban
Pinhani
Adonis
JadaL
Babylone
Mavi Sakal
 
Answer Stats
Answer % Correct
Duman
87%
Mor ve Ötesi
85%
Manga
74%
Mavi Sakal
74%
MFÖ
74%
Moğollar
74%
Pilli Bebek
74%
Yüksek Sadakat
74%
Ayna
72%
Athena
70%
Grup Vitamin
65%
Kargo
63%
Kurban
63%
Pinhani
63%
Zakkum
63%
Gripin
59%
No matching quizzes found
Score Distribution
Percent of People with Each Score
Percentile by Number Answered
Your Score History
You have not taken this quiz since the last reset